| 000 | 00858nam a2200253 a 4500 | ||
|---|---|---|---|
| 001 | 000008563 | ||
| 005 | 20250707112615.0 | ||
| 008 | 090917s1999 dr 000 0 spa d | ||
| 040 |
_aDO-SdBNP _bspa _cBNPHU |
||
| 082 |
_a330 _bM672i _a1999 |
||
| 100 | 1 |
_aMiranda, Ignacio _98302 |
|
| 245 | 1 | 0 |
_aIntroducción a la economía : _bconceptos, métodos y sistemas / _cIgnacio Miranda. |
| 250 | _a7a. ed. corr. y aum. | ||
| 260 |
_aSanto Domingo : _bFundación Humanismo Integral, _c1999. |
||
| 300 |
_a286 p. : _b22 cm. |
||
| 590 | _aInventariado, 2018/ YL | ||
| 650 | 0 |
_aEconomia _985383 |
|
| 650 | 0 |
_aMacroeconomía _922952 |
|
| 650 | 0 |
_aMicroeconomía _922953 |
|
| 650 | 4 |
_aSistemas económicos _97422 |
|
| 651 | 4 |
_aPaíses En Desarrollo _xCondiciones Económicas _99540 |
|
| 650 | 0 |
_aGlobalización _91524 |
|
| 910 | _aValidado. Control de calidad MMOLINA | ||
| 999 |
_c8333 _d8333 |
||